00644nam a2200169 4500001000700000003000900007007000300016008004100019100004600060245008900106260006100195300002100256700003800277852002100315999001900336952011900355117964ES-MaACLt|070214s1924 sp r ||||1| spa d0 aPelayo, cObispo de Oviedo,d-115399002610aCrónica del Obispo Don Pelayo / cedición preparada por Benito Sánchez Alonso. aMadrid : b[s.n.], c1924 (fImp. Sucesores de Hernando) a92 p. ; c22 cm.1 aSánchez Alonso, Benito.9102446 aES-MaACLjB-5209 c117964d117964 00104070aATENEOMbATENEOMcSPBd2008-01-17eSCl0oB-5209p1122979r2023-02-23 00:00:00w2023-02-23yMONOGRAFIA